header

Metaphors of the Web 2.0 (Record no. 99375)

MARC details
000 -LEADER
fixed length control field 01617nam a2200361 a 4500
100 1# - MAIN ENTRY--AUTHOR NAME
Personal name Tokar, Alexander.
245 10 - TITLE STATEMENT
Title Metaphors of the Web 2.0
260 ## - PUBLICATION, DISTRIBUTION, ETC. (IMPRINT)
Place of publication Frankfurt am Main :
Name of publisher Peter Lang,
Year of publication 2009.
300 ## - PHYSICAL DESCRIPTION
Number of Pages x, 140 p. :
Other physical details ill.
490 1# - SERIES STATEMENT
Series statement European University studies. Series XIV, Anglo-Saxon language and literature,
505 0# - FORMATTED CONTENTS NOTE
Formatted contents note pt. 1. Theoretical issues -- pt. 2. Social networks -- pt. 3. Folksonomies.
650 #0 - SUBJECT ADDED ENTRY--TOPICAL TERM
Topical Term Communication and technology.
Topical Term Online social networks.
Topical Term Metaphor
Topical Term Sociolinguistics.
856 40 - ELECTRONIC LOCATION AND ACCESS
Uniform Resource Identifier http://site.ebrary.com/lib/rucke/Doc?id=10601217

No items available.

© 2026 Rongo University
Contact us: librarian | system librarian | Rongo university